000 00284nam a22001337a 4500
041 _aENG
100 _aHunt R
245 _aComputers And Commonsense
250 _aFourth Ed
260 _aDelhi
_bPrenti Hall of India
_c2001
300 _a208
650 _aFAO
856 _uFAO ( CD )
999 _c732
_d732